Der sport Brockhaus: alles vom sport von A-Z
Saved in:
| Hovedforfatter: | |
|---|---|
| Format: | Bog |
| Sprog: | tysk |
| Udgivet: |
Wiesbaden
F. A. Brockaus
1977
|
| Udgivelse: | 3a. ed |
| Fag: | |
| Tags: |
Tilføj Tag
Ingen Tags, Vær først til at tagge denne postø!
|
MARC
| LEADER | 00000nam a2200000 a 4500 | ||
|---|---|---|---|
| 001 | UCY9609 | ||
| 003 | CL-VaPUC | ||
| 008 | 950717e19770000GW |||||||||||||||||ger|d | ||
| 082 | 0 | 4 | |a 796.03 |b BRO |2 21 |
| 100 | 0 | |a Brockaus, F. A |e author |9 341988 | |
| 245 | 1 | 4 | |a Der sport Brockhaus: alles vom sport von A-Z |
| 250 | |a 3a. ed | ||
| 300 | |a 576 p | ||
| 942 | |c BK | ||
| 945 | |d 19950717 00:00:00 |a cmena | ||
| 260 | |a Wiesbaden |b F. A. Brockaus |c 1977 | ||
| 650 | 7 | |a DEPORTE |2 CL-VaPUC |9 341989 | |
| 650 | 7 | |a DEPORTISTAS |2 CL-VaPUC |9 341990 | |
| 650 | 0 | |a Diccionarios |9 256200 | |
| 650 | 0 | |a Enciclopedias |9 264135 | |
| 583 | |a last modification |c 19950717 00:00:00 |k Rodrigo Vera | ||
| 999 | |c 236669 |d 236667 | ||
| 952 | |0 0 |1 0 |4 0 |6 796_030000000000000_BRO_1977 |7 0 |8 P |9 244925 |a BIBEDU |b BIBEDU |c BIBEDU_PB |d 2019-11-18 |i 1537245 |o 796.03 BRO 1977 |p 1537245 |r 2024-01-25 |w 2019-11-18 |y BK |k EDU | ||